000 00572nam a2200205 i 4500
001 bgj
100 1 _aPOHLMAN, M. David.
245 1 0 _aThe Problem of Virtue /
_cM. David Pohlman.
260 _aNew York :
_bSt. Martin's Press,
_cc. 1989.
300 _a168 pp ;
_c22 cm.
490 1 _aA Thomas Dunne Book
650 9 _aAmerican fiction
_y20th century
830 _aA Thomas Dunne Book
020 _a0312026331 (hbk, jacket)
040 _cBPK
041 0 _aeng
920 _a0-312-02633-1 (hbk, jacket)
942 _cKS
008 s uk f |000 0 eng
999 _c47278
_d47278